| 000 | 00871nam a2200253Ia 4500 | ||
|---|---|---|---|
| 003 | OSt | ||
| 005 | 20220923211411.0 | ||
| 006 | a|||||r|||| 00| 0 | ||
| 007 | ta | ||
| 008 | Pun | ||
| 020 |
_a978819069069 (hbk) _c300 |
||
| 024 | _a290,483 | ||
| 037 |
_b969, 16/12/2015, H.K. Prakashan _cTextual |
||
| 040 |
_aARTS _cARTS _bPun |
||
| 041 |
_2Pun _aPun |
||
| 082 | _aQ8441xK66:g, 153Q3 | ||
| 100 | _aਉਦਾਸੀ, ਬ੍ਰਹਮ ਦੇਵ | ||
| 245 | 0 | _aਸ੍ਰੀ ਦਸਮ ਗ੍ਰੰਥ ਸਾਹਿਬ ਅਤੇ ਚਰਿੱਤ੍ਰੋਪਖਿਆਨ | |
| 260 |
_aਸਮਾਣਾ _b ਸੰਗਮ ਪਬਲੀਕੇFਨਗ਼ _c2013 |
||
| 300 |
_a304ਪੰ _ccm. |
||
| 650 | _aਧਰਮ | ||
| 942 |
_hQ8441xK66:g, 153Q3 _cTEXL _2CC |
||
| 999 |
_c299139 _d299139 |
||